000 00317nam a2200133Ia 4500
008 240624s9999 xx 000 0 und d
041 _aeng
082 _a920 MEN
100 _aMENON SURESH
245 _aBISHAN PORTRAIT OF A CRICKETER
260 _c2011
_aNew Delhi
_bPenguin
300 _a256 : p.
365 _cRS
_b25
999 _c18271
_d18271